日本の市区町村 団体コード順 - Statistics

General Stats
  • This quiz has been taken 18 times
  • The average score is 77 of 1747
Answer Stats
Hint Answer % Correct
01100 札幌市
100%
01202 函館市
65%
01203 小樽市
47%
01204 旭川市
47%
01205 室蘭市
47%
01206 釧路市
47%
01207 帯広市
47%
01208 北見市
47%
01209 夕張市
41%
01210 岩見沢市
41%
01211 網走市
41%
01212 留萌市
35%
01213 苫小牧市
35%
01214 稚内市
35%
01233 伊達市
29%
01234 北広島市
29%
01235 石狩市
29%
01236 北斗市
29%
01215 美唄市
24%
01216 芦別市
24%
01219 紋別市
24%
01220 士別市
24%
01221 名寄市
24%
01222 三笠市
24%
01223 根室市
24%
01224 千歳市
24%
01226 砂川市
24%
01227 歌志内市
24%
01228 深川市
24%
01229 富良野市
24%
01230 登別市
24%
01231 恵庭市
24%
01303 当別町
24%
01304 新篠津村
24%
02201 青森市
24%
02202 弘前市
24%
02203 八戸市
24%
02204 黒石市
24%
02205 五所川原市
24%
01217 江別市
18%
01218 赤平市
18%
01225 滝川市
18%
01331 松前町
18%
01332 福島町
18%
01333 知内町
18%
01334 木古内町
18%
01337 七飯町
18%
01343 鹿部町
18%
01345 森町
18%
01346 八雲町
18%
01347 長万部町
18%
01361 江差町
18%
01362 上ノ国町
18%
01363 厚沢部町
18%
01364 乙部町
18%
01370 今金町
18%
01371 せたな町
18%
02206 十和田市
18%
02207 三沢市
18%
02208 むつ市
18%
02209 つがる市
18%
02210 平川市
18%
02301 平内町
18%
02303 今別町
18%
02304 蓬田村
18%
02307 外ヶ浜町
18%
02321 鰺ヶ沢町
18%
02323 深浦町
18%
02343 西目屋村
18%
02361 藤崎町
18%
02362 大鰐町
18%
02367 田舎館村
18%
02381 板柳町
18%
02423 大間町
18%
02424 東通村
18%
02425 風間浦村
18%
02426 佐井村
18%
02441 三戸町
18%
02442 五戸町
18%
02443 田子町
18%
02445 南部町
18%
02446 階上町
18%
02450 新郷村
18%
03201 盛岡市
18%
03202 宮古市
18%
03203 大船渡市
18%
03205 花巻市
18%
03213 二戸市
18%
03214 八幡平市
18%
03215 奥州市
18%
03216 滝沢市
18%
03301 雫石町
18%
03302 葛巻町
18%
03303 岩手町
18%
03321 紫波町
18%
03322 矢巾町
18%
03366 西和賀町
18%
03381 金ケ崎町
18%
03402 平泉町
18%
03441 住田町
18%
03461 大槌町
18%
03482 山田町
18%
03483 岩泉町
18%
03484 田野畑村
18%
03485 普代村
18%
03524 一戸町
18%
04100 仙台市
18%
04202 石巻市
18%
04203 塩竈市
18%
04205 気仙沼市
18%
04206 白石市
18%
04207 名取市
18%
04216 富谷市
18%
01367 奥尻町
12%
01391 島牧村
12%
01392 寿都町
12%
01393 黒松内町
12%
01394 蘭越町
12%
01395 ニセコ町
12%
01396 真狩村
12%
01397 留寿都村
12%
01398 喜茂別町
12%
01399 京極町
12%
01401 共和町
12%
01402 岩内町
12%
01403 泊村
12%
01404 神恵内村
12%
01405 積丹町
12%
01407 仁木町
12%
01408 余市町
12%
01409 赤井川村
12%
01423 南幌町
12%
01424 奈井江町
12%
01425 上砂川町
12%
01427 由仁町
12%
01428 長沼町
12%
01429 栗山町
12%
01430 月形町
12%
01431 浦臼町
12%
01432 新十津川町
12%
01433 妹背牛町
12%
01434 秩父別町
12%
01436 雨竜町
12%
01437 北竜町
12%
01438 沼田町
12%
01452 鷹栖町
12%
01453 東神楽町
12%
01455 比布町
12%
01456 愛別町
12%
01457 上川町
12%
01458 東川町
12%
01459 美瑛町
12%
01460 上富良野町
12%
01461 中富良野町
12%
01462 南富良野町
12%
01463 占冠村
12%
01464 和寒町
12%
01465 剣淵町
12%
01468 下川町
12%
01469 美深町
12%
01470 音威子府村
12%
01471 中川町
12%
01472 幌加内町
12%
01481 増毛町
12%
01482 小平町
12%
01483 苫前町
12%
01484 羽幌町
12%
01485 初山別村
12%
01486 遠別町
12%
01487 天塩町
12%
01511 猿払村
12%
01512 浜頓別町
12%
01513 中頓別町
12%
01514 枝幸町
12%
01517 礼文町
12%
01518 利尻町
12%
01519 利尻富士町
12%
01520 幌延町
12%
01543 美幌町
12%
01649 浦幌町
12%
01661 釧路町
12%
01662 厚岸町
12%
01663 浜中町
12%
01664 標茶町
12%
01665 弟子屈町
12%
01667 鶴居村
12%
01668 白糠町
12%
01691 別海町
12%
01692 中標津町
12%
01693 標津町
12%
01694 羅臼町
12%
01695 色丹村
12%
01696 泊村
12%
01697 留夜別村
12%
01698 留別村
12%
01699 紗那村
12%
01700 蘂取村
12%
02384 鶴田町
12%
02387 中泊町
12%
02401 野辺地町
12%
02402 七戸町
12%
02405 六戸町
12%
02406 横浜町
12%
02408 東北町
12%
02411 六ヶ所村
12%
02412 おいらせ町
12%
03206 北上市
12%
03207 久慈市
12%
03208 遠野市
12%
03209 一関市
12%
03210 陸前高田市
12%
03211 釜石市
12%
03501 軽米町
12%
03503 野田村
12%
03506 九戸村
12%
03507 洋野町
12%
04208 角田市
12%
04209 多賀城市
12%
04211 岩沼市
12%
04212 登米市
12%
04213 栗原市
12%
04214 東松島市
12%
04215 大崎市
12%
04301 蔵王町
12%
04302 七ヶ宿町
12%
04321 大河原町
12%
04322 村田町
12%
04323 柴田町
12%
04324 川崎町
12%
05201 秋田市
12%
06201 山形市
12%
07201 福島市
12%
08201 水戸市
12%
08202 日立市
12%
09201 宇都宮市
12%
09202 足利市
12%
10201 前橋市
12%
10202 高崎市
12%
10203 桐生市
12%
10204 伊勢崎市
12%
10205 太田市
12%
10206 沼田市
12%
10207 館林市
12%
11100 さいたま市
12%
11201 川越市
12%
11202 熊谷市
12%
11203 川口市
12%
11206 行田市
12%
11207 秩父市
12%
12100 千葉市
12%
12202 銚子市
12%
12203 市川市
12%
12204 船橋市
12%
13101 千代田区
12%
13102 中央区
12%
13103 港区
12%
14100 横浜市
12%
14130 川崎市
12%
14150 相模原市
12%
14201 横須賀市
12%
14301 葉山町
12%
14321 寒川町
12%
14341 大磯町
12%
14342 二宮町
12%
14401 愛川町
12%
14402 清川村
12%
15100 新潟市
12%
15202 長岡市
12%
15204 三条市
12%
15205 柏崎市
12%
16201 富山市
12%
16202 高岡市
12%
16204 魚津市
12%
16205 氷見市
12%
16206 滑川市
12%
16207 黒部市
12%
16208 砺波市
12%
16209 小矢部市
12%
16210 南砺市
12%
16211 射水市
12%
16321 舟橋村
12%
16322 上市町
12%
16323 立山町
12%
16342 入善町
12%
16343 朝日町
12%
17201 金沢市
12%
17202 七尾市
12%
17203 小松市
12%
17204 輪島市
12%
17205 珠洲市
12%
17206 加賀市
12%
17207 羽咋市
12%
17209 かほく市
12%
17210 白山市
12%
17211 能美市
12%
17212 野々市市
12%
17324 川北町
12%
17361 津幡町
12%
17365 内灘町
12%
17384 志賀町
12%
17386 宝達志水町
12%
17407 中能登町
12%
17461 穴水町
12%
17463 能登町
12%
18201 福井市
12%
18202 敦賀市
12%
18204 小浜市
12%
18205 大野市
12%
18206 勝山市
12%
18207 鯖江市
12%
18208 あわら市
12%
18209 越前市
12%
18210 坂井市
12%
18322 永平寺町
12%
18382 池田町
12%
18404 南越前町
12%
18423 越前町
12%
18442 美浜町
12%
18481 高浜町
12%
18483 おおい町
12%
18501 若狭町
12%
19201 甲府市
12%
19202 富士吉田市
12%
19205 山梨市
12%
20201 長野市
12%
20202 松本市
12%
21201 岐阜市
12%
22100 静岡市
12%
23100 名古屋市
12%
24201 津市
12%
25201 大津市
12%
26100 京都市
12%
27100 大阪市
12%
28100 神戸市
12%
29201 奈良市
12%
30201 和歌山市
12%
31201 鳥取市
12%
32201 松江市
12%
47201 那覇市
12%
01400 倶知安町
6%
01406 古平町
6%
01454 当麻町
6%
01516 豊富町
6%
01544 津別町
6%
01545 斜里町
6%
01546 清里町
6%
01547 小清水町
6%
01549 訓子府町
6%
01550 置戸町
6%
01552 佐呂間町
6%
01555 遠軽町
6%
01559 湧別町
6%
01560 滝上町
6%
01561 興部町
6%
01562 西興部村
6%
01563 雄武町
6%
01564 大空町
6%
01571 豊浦町
6%
01575 壮瞥町
6%
01578 白老町
6%
01581 厚真町
6%
01584 洞爺湖町
6%
01585 安平町
6%
01586 むかわ町
6%
01601 日高町
6%
01602 平取町
6%
01604 新冠町
6%
01607 浦河町
6%
01608 様似町
6%
01609 えりも町
6%
01610 新ひだか町
6%
01631 音更町
6%
01632 士幌町
6%
01633 上士幌町
6%
01634 鹿追町
6%
01635 新得町
6%
01636 清水町
6%
01637 芽室町
6%
01638 中札内村
6%
01639 更別村
6%
01641 大樹町
6%
01642 広尾町
6%
01643 幕別町
6%
01644 池田町
6%
01645 豊頃町
6%
01646 本別町
6%
01647 足寄町
6%
01648 陸別町
6%
04341 丸森町
6%
04361 亘理町
6%
04362 山元町
6%
04401 松島町
6%
04404 七ヶ浜町
6%
04406 利府町
6%
04421 大和町
6%
04422 大郷町
6%
04424 大衡村
6%
04444 色麻町
6%
04445 加美町
6%
04501 涌谷町
6%
05202 能代市
6%
05203 横手市
6%
05204 大館市
6%
05206 男鹿市
6%
05207 湯沢市
6%
05209 鹿角市
6%
05210 由利本荘市
6%
05211 潟上市
6%
05212 大仙市
6%
05213 北秋田市
6%
05214 にかほ市
6%
05215 仙北市
6%
06202 米沢市
6%
06203 鶴岡市
6%
06204 酒田市
6%
06205 新庄市
6%
06206 寒河江市
6%
06207 上山市
6%
07202 会津若松市
6%
07203 郡山市
6%
07204 いわき市
6%
07205 白河市
6%
07208 喜多方市
6%
07210 二本松市
6%
08203 土浦市
6%
08204 古河市
6%
08205 石岡市
6%
09203 栃木市
6%
09204 佐野市
6%
09205 鹿沼市
6%
09206 日光市
6%
09208 小山市
6%
09209 真岡市
6%
09213 那須塩原市
6%
09214 さくら市
6%
09215 那須烏山市
6%
09216 下野市
6%
09384 塩谷町
6%
09386 高根沢町
6%
09407 那須町
6%
09411 那珂川町
6%
10208 渋川市
6%
10209 藤岡市
6%
10210 富岡市
6%
10211 安中市
6%
10212 みどり市
6%
10344 榛東村
6%
10345 吉岡町
6%
10366 上野村
6%
10367 神流町
6%
10382 下仁田町
6%
10383 南牧村
6%
10384 甘楽町
6%
10421 中之条町
6%
10424 長野原町
6%
10425 嬬恋村
6%
10426 草津町
6%
10428 高山村
6%
10429 東吾妻町
6%
10443 片品村
6%
10444 川場村
6%
10448 昭和村
6%
10521 板倉町
6%
10522 明和町
6%
10523 千代田町
6%
10524 大泉町
6%
10525 邑楽町
6%
11208 所沢市
6%
12207 松戸市
6%
13104 新宿区
6%
13105 文京区
6%
13106 台東区
6%
13107 墨田区
6%
13108 江東区
6%
13109 品川区
6%
13110 目黒区
6%
13111 大田区
6%
13112 世田谷区
6%
13113 渋谷区
6%
13114 中野区
6%
13115 杉並区
6%
13116 豊島区
6%
13117 北区
6%
13118 荒川区
6%
13119 板橋区
6%
13120 練馬区
6%
13121 足立区
6%
13122 葛飾区
6%
13123 江戸川区
6%
13201 八王子市
6%
13202 立川市
6%
13203 武蔵野市
6%
13204 三鷹市
6%
13205 青梅市
6%
13206 府中市
6%
13208 調布市
6%
13227 羽村市
6%
13228 あきる野市
6%
13229 西東京市
6%
13303 瑞穂町
6%
13305 日の出町
6%
13307 檜原村
6%
13308 奥多摩町
6%
13361 大島町
6%
13362 利島村
6%
13363 新島村
6%
13364 神津島村
6%
13381 三宅村
6%
13382 御蔵島村
6%
13401 八丈町
6%
13402 青ヶ島村
6%
13421 小笠原村
6%
14203 平塚市
6%
14204 鎌倉市
6%
14205 藤沢市
6%
14218 綾瀬市
6%
14361 中井町
6%
14362 大井町
6%
14363 松田町
6%
14364 山北町
6%
14366 開成町
6%
14382 箱根町
6%
14383 真鶴町
6%
14384 湯河原町
6%
15206 新発田市
6%
15227 胎内市
6%
15307 聖籠町
6%
15361 田上町
6%
15385 阿賀町
6%
15405 出雲崎町
6%
15504 刈羽村
6%
15581 関川村
6%
15586 粟島浦村
6%
19204 都留市
6%
19206 大月市
6%
19214 中央市
6%
19346 市川三郷町
6%
19364 早川町
6%
19365 身延町
6%
19366 南部町
6%
19368 富士川町
6%
19384 昭和町
6%
19422 道志村
6%
19423 西桂町
6%
19424 忍野村
6%
19425 山中湖村
6%
19429 鳴沢村
6%
19430 富士河口湖町
6%
19442 小菅村
6%
19443 丹波山村
6%
20203 上田市
6%
20204 岡谷市
6%
20205 飯田市
6%
20206 諏訪市
6%
20219 東御市
6%
20220 安曇野市
6%
20349 青木村
6%
20350 長和町
6%
20361 下諏訪町
6%
20362 富士見町
6%
20363 原村
6%
20422 上松町
6%
20423 南木曽町
6%
20425 木祖村
6%
20429 王滝村
6%
20430 大桑村
6%
20432 木曽町
6%
20450 山形村
6%
20451 朝日村
6%
20452 筑北村
6%
20481 池田町
6%
20482 松川村
6%
20485 白馬村
6%
20486 小谷村
6%
21202 大垣市
6%
21203 高山市
6%
21204 多治見市
6%
21205 関市
6%
21206 中津川市
6%
21207 美濃市
6%
21208 瑞浪市
6%
21209 羽島市
6%
21210 恵那市
6%
21211 美濃加茂市
6%
21212 土岐市
6%
21213 各務原市
6%
21214 可児市
6%
21215 山県市
6%
21216 瑞穂市
6%
21217 飛騨市
6%
21218 本巣市
6%
21219 郡上市
6%
21220 下呂市
6%
21221 海津市
6%
21302 岐南町
6%
21303 笠松町
6%
21341 養老町
6%
21361 垂井町
6%
21362 関ケ原町
6%
21381 神戸町
6%
21382 輪之内町
6%
21383 安八町
6%
21401 揖斐川町
6%
21403 大野町
6%
21404 池田町
6%
21421 北方町
6%
21501 坂祝町
6%
21502 富加町
6%
21503 川辺町
6%
21504 七宗町
6%
21505 八百津町
6%
21506 白川町
6%
21507 東白川村
6%
21521 御嵩町
6%
21604 白川村
6%
22130 浜松市
6%
22203 沼津市
6%
22205 熱海市
6%
22206 三島市
6%
22223 御前崎市
6%
22224 菊川市
6%
22226 牧之原市
6%
23201 豊橋市
6%
23202 岡崎市
6%
23203 一宮市
6%
23204 瀬戸市
6%
23205 半田市
6%
23237 あま市
6%
23238 長久手市
6%
23302 東郷町
6%
23342 豊山町
6%
23361 大口町
6%
23362 扶桑町
6%
23424 大治町
6%
23425 蟹江町
6%
23427 飛島村
6%
23441 阿久比町
6%
23442 東浦町
6%
23445 南知多町
6%
23446 美浜町
6%
23447 武豊町
6%
23501 幸田町
6%
23561 設楽町
6%
23562 東栄町
6%
23563 豊根村
6%
24202 四日市市
6%
24203 伊勢市
6%
24204 松阪市
6%
24205 桑名市
6%
24207 鈴鹿市
6%
24208 名張市
6%
24209 尾鷲市
6%
24210 亀山市
6%
24211 鳥羽市
6%
24212 熊野市
6%
24214 いなべ市
6%
24215 志摩市
6%
24216 伊賀市
6%
24303 木曽岬町
6%
24324 東員町
6%
24341 菰野町
6%
24343 朝日町
6%
24344 川越町
6%
24441 多気町
6%
24443 大台町
6%
24461 玉城町
6%
24470 度会町
6%
24471 大紀町
6%
24543 紀北町
6%
24561 御浜町
6%
24562 紀宝町
6%
25202 彦根市
6%
25203 長浜市
6%
25204 近江八幡市
6%
25206 草津市
6%
25207 守山市
6%
25208 栗東市
6%
25209 甲賀市
6%
25214 米原市
6%
26201 福知山市
6%
26202 舞鶴市
6%
26203 綾部市
6%
26204 宇治市
6%
26205 宮津市
6%
26206 亀岡市
6%
26208 向日市
6%
26209 長岡京市
6%
27140 堺市
6%
27202 岸和田市
6%
27203 豊中市
6%
27204 池田市
6%
27205 吹田市
6%
27207 高槻市
6%
28201 姫路市
6%
28202 尼崎市
6%
28203 明石市
6%
28204 西宮市
6%
28205 洲本市
6%
30202 海南市
6%
30203 橋本市
6%
30204 有田市
6%
30205 御坊市
6%
30206 田辺市
6%
30207 新宮市
6%
30208 紀の川市
6%
30209 岩出市
6%
30304 紀美野町
6%
31202 米子市
6%
31203 倉吉市
6%
31204 境港市
6%
32202 浜田市
6%
32203 出雲市
6%
32204 益田市
6%
32205 大田市
6%
32206 安来市
6%
33100 岡山市
6%
34100 広島市
6%
35201 下関市
6%
35202 宇部市
6%
35203 山口市
6%
36201 徳島市
6%
36202 鳴門市
6%
36203 小松島市
6%
36204 阿南市
6%
36205 吉野川市
6%
36206 阿波市
6%
36207 美馬市
6%
36208 三好市
6%
37201 高松市
6%
38201 松山市
6%
39201 高知市
6%
40100 北九州市
6%
41201 佐賀市
6%
42201 長崎市
6%
43100 熊本市
6%
43202 八代市
6%
44201 大分市
6%
44202 別府市
6%
44203 中津市
6%
44322 姫島村
6%
44341 日出町
6%
44461 九重町
6%
44462 玖珠町
6%
45201 宮崎市
6%
45202 都城市
6%
45203 延岡市
6%
45204 日南市
6%
45205 小林市
6%
45206 日向市
6%
45207 串間市
6%
45208 西都市
6%
45209 えびの市
6%
46201 鹿児島市
6%
46203 鹿屋市
6%
46204 枕崎市
6%
46208 出水市
6%
46210 指宿市
6%
46303 三島村
6%
46304 十島村
6%
46535 与論町
6%
47375 多良間村
6%
47381 竹富町
6%
47382 与那国町
6%
04505 美里町
0%
04581 女川町
0%
04606 南三陸町
0%
05303 小坂町
0%
05327 上小阿仁村
0%
05346 藤里町
0%
05348 三種町
0%
05349 八峰町
0%
05361 五城目町
0%
05363 八郎潟町
0%
05366 井川町
0%
05368 大潟村
0%
05434 美郷町
0%
05463 羽後町
0%
05464 東成瀬村
0%
06208 村山市
0%
06209 長井市
0%
06210 天童市
0%
06211 東根市
0%
06212 尾花沢市
0%
06213 南陽市
0%
06301 山辺町
0%
06302 中山町
0%
06321 河北町
0%
06322 西川町
0%
06323 朝日町
0%
06324 大江町
0%
06341 大石田町
0%
06361 金山町
0%
06362 最上町
0%
06363 舟形町
0%
06364 真室川町
0%
06365 大蔵村
0%
06366 鮭川村
0%
06367 戸沢村
0%
06381 高畠町
0%
06382 川西町
0%
06401 小国町
0%
06402 白鷹町
0%
06403 飯豊町
0%
06426 三川町
0%
06428 庄内町
0%
06461 遊佐町
0%
07207 須賀川市
0%
07209 相馬市
0%
07211 田村市
0%
07212 南相馬市
0%
07213 伊達市
0%
07214 本宮市
0%
07301 桑折町
0%
07303 国見町
0%
07308 川俣町
0%
07322 大玉村
0%
07342 鏡石町
0%
07344 天栄村
0%
07362 下郷町
0%
07364 檜枝岐村
0%
07367 只見町
0%
07368 南会津町
0%
07402 北塩原村
0%
07405 西会津町
0%
07407 磐梯町
0%
07408 猪苗代町
0%
07421 会津坂下町
0%
07422 湯川村
0%
07423 柳津町
0%
07444 三島町
0%
07445 金山町
0%
07446 昭和村
0%
07447 会津美里町
0%
07461 西郷村
0%
07464 泉崎村
0%
07465 中島村
0%
07466 矢吹町
0%
07481 棚倉町
0%
07482 矢祭町
0%
07483 塙町
0%
07484 鮫川村
0%
07501 石川町
0%
07502 玉川村
0%
07503 平田村
0%
07504 浅川町
0%
07505 古殿町
0%
07521 三春町
0%
07522 小野町
0%
07541 広野町
0%
07542 楢葉町
0%
07543 富岡町
0%
07544 川内村
0%
07545 大熊町
0%
07546 双葉町
0%
07547 浪江町
0%
07548 葛尾村
0%
07561 新地町
0%
07564 飯舘村
0%
08207 結城市
0%
08208 龍ケ崎市
0%
08210 下妻市
0%
08211 常総市
0%
08212 常陸太田市
0%
08214 高萩市
0%
08215 北茨城市
0%
08216 笠間市
0%
08217 取手市
0%
08219 牛久市
0%
08220 つくば市
0%
08221 ひたちなか市
0%
08222 鹿嶋市
0%
08223 潮来市
0%
08224 守谷市
0%
08225 常陸大宮市
0%
08226 那珂市
0%
08227 筑西市
0%
08228 坂東市
0%
08229 稲敷市
0%
08230 かすみがうら市
0%
08231 桜川市
0%
08232 神栖市
0%
08233 行方市
0%
08234 鉾田市
0%
08235 つくばみらい市
0%
08236 小美玉市
0%
08302 茨城町
0%
08309 大洗町
0%
08310 城里町
0%
08341 東海村
0%
08364 大子町
0%
08442 美浦村
0%
08443 阿見町
0%
08447 河内町
0%
08521 八千代町
0%
08542 五霞町
0%
08546 境町
0%
08564 利根町
0%
09210 大田原市
0%
09211 矢板市
0%
09301 上三川町
0%
09342 益子町
0%
09343 茂木町
0%
09344 市貝町
0%
09345 芳賀町
0%
09361 壬生町
0%
09364 野木町
0%
10449 みなかみ町
0%
10464 玉村町
0%
11209 飯能市
0%
11210 加須市
0%
11211 本庄市
0%
11212 東松山市
0%
11214 春日部市
0%
11215 狭山市
0%
11216 羽生市
0%
11217 鴻巣市
0%
11218 深谷市
0%
11219 上尾市
0%
11221 草加市
0%
11222 越谷市
0%
11223 蕨市
0%
11224 戸田市
0%
11225 入間市
0%
11227 朝霞市
0%
11228 志木市
0%
11229 和光市
0%
11230 新座市
0%
11231 桶川市
0%
11232 久喜市
0%
11233 北本市
0%
11234 八潮市
0%
11235 富士見市
0%
11237 三郷市
0%
11238 蓮田市
0%
11239 坂戸市
0%
11240 幸手市
0%
11241 鶴ヶ島市
0%
11242 日高市
0%
11243 吉川市
0%
11245 ふじみ野市
0%
11246 白岡市
0%
11301 伊奈町
0%
11324 三芳町
0%
11326 毛呂山町
0%
11327 越生町
0%
11341 滑川町
0%
11342 嵐山町
0%
11343 小川町
0%
11346 川島町
0%
11347 吉見町
0%
11348 鳩山町
0%
11349 ときがわ町
0%
11361 横瀬町
0%
11362 皆野町
0%
11363 長瀞町
0%
11365 小鹿野町
0%
11369 東秩父村
0%
11381 美里町
0%
11383 神川町
0%
11385 上里町
0%
11408 寄居町
0%
11442 宮代町
0%
11464 杉戸町
0%
11465 松伏町
0%
12205 館山市
0%
12206 木更津市
0%
12208 野田市
0%
12210 茂原市
0%
12211 成田市
0%
12212 佐倉市
0%
12213 東金市
0%
12215 旭市
0%
12216 習志野市
0%
12217 柏市
0%
12218 勝浦市
0%
12219 市原市
0%
12220 流山市
0%
12221 八千代市
0%
12222 我孫子市
0%
12223 鴨川市
0%
12224 鎌ケ谷市
0%
12225 君津市
0%
12226 富津市
0%
12227 浦安市
0%
12228 四街道市
0%
12229 袖ケ浦市
0%
12230 八街市
0%
12231 印西市
0%
12232 白井市
0%
12233 富里市
0%
12234 南房総市
0%
12235 匝瑳市
0%
12236 香取市
0%
12237 山武市
0%
12238 いすみ市
0%
12239 大網白里市
0%
12322 酒々井町
0%
12329 栄町
0%
12342 神崎町
0%
12347 多古町
0%
12349 東庄町
0%
12403 九十九里町
0%
12409 芝山町
0%
12410 横芝光町
0%
12421 一宮町
0%
12422 睦沢町
0%
12423 長生村
0%
12424 白子町
0%
12426 長柄町
0%
12427 長南町
0%
12441 大多喜町
0%
12443 御宿町
0%
12463 鋸南町
0%
13207 昭島市
0%
13209 町田市
0%
13210 小金井市
0%
13211 小平市
0%
13212 日野市
0%
13213 東村山市
0%
13214 国分寺市
0%
13215 国立市
0%
13218 福生市
0%
13219 狛江市
0%
13220 東大和市
0%
13221 清瀬市
0%
13222 東久留米市
0%
13223 武蔵村山市
0%
13224 多摩市
0%
13225 稲城市
0%
14206 小田原市
0%
14207 茅ヶ崎市
0%
14208 逗子市
0%
14210 三浦市
0%
14211 秦野市
0%
14212 厚木市
0%
14213 大和市
0%
14214 伊勢原市
0%
14215 海老名市
0%
14216 座間市
0%
14217 南足柄市
0%
15208 小千谷市
0%
15209 加茂市
0%
15210 十日町市
0%
15211 見附市
0%
15212 村上市
0%
15213 燕市
0%
15216 糸魚川市
0%
15217 妙高市
0%
15218 五泉市
0%
15222 上越市
0%
15223 阿賀野市
0%
15224 佐渡市
0%
15225 魚沼市
0%
15226 南魚沼市
0%
15342 弥彦村
0%
15461 湯沢町
0%
15482 津南町
0%
19207 韮崎市
0%
19208 南アルプス市
0%
19209 北杜市
0%
19210 甲斐市
0%
19211 笛吹市
0%
19212 上野原市
0%
19213 甲州市
0%
20207 須坂市
0%
20208 小諸市
0%
20209 伊那市
0%
20210 駒ヶ根市
0%
20211 中野市
0%
20212 大町市
0%
20213 飯山市
0%
20214 茅野市
0%
20215 塩尻市
0%
20217 佐久市
0%
20218 千曲市
0%
20303 小海町
0%
20304 川上村
0%
20305 南牧村
0%
20306 南相木村
0%
20307 北相木村
0%
20309 佐久穂町
0%
20321 軽井沢町
0%
20323 御代田町
0%
20324 立科町
0%
20382 辰野町
0%
20383 箕輪町
0%
20384 飯島町
0%
20385 南箕輪村
0%
20386 中川村
0%
20388 宮田村
0%
20402 松川町
0%
20403 高森町
0%
20404 阿南町
0%
20407 阿智村
0%
20409 平谷村
0%
20410 根羽村
0%
20411 下條村
0%
20412 売木村
0%
20413 天龍村
0%
20414 泰阜村
0%
20415 喬木村
0%
20416 豊丘村
0%
20417 大鹿村
0%
20446 麻績村
0%
20448 生坂村
0%
20521 坂城町
0%
20541 小布施町
0%
20543 高山村
0%
20561 山ノ内町
0%
20562 木島平村
0%
20563 野沢温泉村
0%
20583 信濃町
0%
20588 小川村
0%
20590 飯綱町
0%
20602 栄村
0%
22207 富士宮市
0%
22208 伊東市
0%
22209 島田市
0%
22210 富士市
0%
22211 磐田市
0%
22212 焼津市
0%
22213 掛川市
0%
22214 藤枝市
0%
22215 御殿場市
0%
22216 袋井市
0%
22219 下田市
0%
22220 裾野市
0%
22221 湖西市
0%
22222 伊豆市
0%
22225 伊豆の国市
0%
22301 東伊豆町
0%
22302 河津町
0%
22304 南伊豆町
0%
22305 松崎町
0%
22306 西伊豆町
0%
22325 函南町
0%
22341 清水町
0%
22342 長泉町
0%
22344 小山町
0%
22424 吉田町
0%
22429 川根本町
0%
22461 森町
0%
23206 春日井市
0%
23207 豊川市
0%
23208 津島市
0%
23209 碧南市
0%
23210 刈谷市
0%
23211 豊田市
0%
23212 安城市
0%
23213 西尾市
0%
23214 蒲郡市
0%
23215 犬山市
0%
23216 常滑市
0%
23217 江南市
0%
23219 小牧市
0%
23220 稲沢市
0%
23221 新城市
0%
23222 東海市
0%
23223 大府市
0%
23224 知多市
0%
23225 知立市
0%
23226 尾張旭市
0%
23227 高浜市
0%
23228 岩倉市
0%
23229 豊明市
0%
23230 日進市
0%
23231 田原市
0%
23232 愛西市
0%
23233 清須市
0%
23234 北名古屋市
0%
23235 弥富市
0%
23236 みよし市
0%
24442 明和町
0%
24472 南伊勢町
0%
25210 野洲市
0%
25211 湖南市
0%
25212 高島市
0%
25213 東近江市
0%
25383 日野町
0%
25384 竜王町
0%
25425 愛荘町
0%
25441 豊郷町
0%
25442 甲良町
0%
25443 多賀町
0%
26207 城陽市
0%
26210 八幡市
0%
26211 京田辺市
0%
26212 京丹後市
0%
26213 南丹市
0%
26214 木津川市
0%
26303 大山崎町
0%
26322 久御山町
0%
26343 井手町
0%
26344 宇治田原町
0%
26364 笠置町
0%
26365 和束町
0%
26366 精華町
0%
26367 南山城村
0%
26407 京丹波町
0%
26463 伊根町
0%
26465 与謝野町
0%
27206 泉大津市
0%
27208 貝塚市
0%
27209 守口市
0%
27210 枚方市
0%
27211 茨木市
0%
27212 八尾市
0%
27213 泉佐野市
0%
27214 富田林市
0%
27215 寝屋川市
0%
27216 河内長野市
0%
27217 松原市
0%
27218 大東市
0%
27219 和泉市
0%
27220 箕面市
0%
27221 柏原市
0%
27222 羽曳野市
0%
27223 門真市
0%
27224 摂津市
0%
27225 高石市
0%
27226 藤井寺市
0%
27227 東大阪市
0%
27228 泉南市
0%
27229 四條畷市
0%
27230 交野市
0%
27231 大阪狭山市
0%
27232 阪南市
0%
27301 島本町
0%
27321 豊能町
0%
27322 能勢町
0%
27341 忠岡町
0%
27361 熊取町
0%
27362 田尻町
0%
27366 岬町
0%
27381 太子町
0%
27382 河南町
0%
27383 千早赤阪村
0%
28206 芦屋市
0%
28207 伊丹市
0%
28208 相生市
0%
28209 豊岡市
0%
28210 加古川市
0%
28212 赤穂市
0%
28213 西脇市
0%
28214 宝塚市
0%
28215 三木市
0%
28216 高砂市
0%
28217 川西市
0%
28218 小野市
0%
28219 三田市
0%
28220 加西市
0%
28221 丹波篠山市
0%
28222 養父市
0%
28223 丹波市
0%
28224 南あわじ市
0%
28225 朝来市
0%
28226 淡路市
0%
28227 宍粟市
0%
28228 加東市
0%
28229 たつの市
0%
28301 猪名川町
0%
28365 多可町
0%
28381 稲美町
0%
28382 播磨町
0%
28442 市川町
0%
28443 福崎町
0%
28446 神河町
0%
28464 太子町
0%
28481 上郡町
0%
28501 佐用町
0%
28585 香美町
0%
28586 新温泉町
0%
29202 大和高田市
0%
29203 大和郡山市
0%
29204 天理市
0%
29205 橿原市
0%
29206 桜井市
0%
29207 五條市
0%
29208 御所市
0%
29209 生駒市
0%
29210 香芝市
0%
29211 葛城市
0%
29212 宇陀市
0%
29322 山添村
0%
29342 平群町
0%
29343 三郷町
0%
29344 斑鳩町
0%
29345 安堵町
0%
29361 川西町
0%
29362 三宅町
0%
29363 田原本町
0%
29385 曽爾村
0%
29386 御杖村
0%
29401 高取町
0%
29402 明日香村
0%
29424 上牧町
0%
29425 王寺町
0%
29426 広陵町
0%
29427 河合町
0%
29441 吉野町
0%
29442 大淀町
0%
29443 下市町
0%
29444 黒滝村
0%
29446 天川村
0%
29447 野迫川村
0%
29449 十津川村
0%
29450 下北山村
0%
29451 上北山村
0%
29452 川上村
0%
29453 東吉野村
0%
30341 かつらぎ町
0%
30343 九度山町
0%
30344 高野町
0%
30361 湯浅町
0%
30362 広川町
0%
30366 有田川町
0%
30381 美浜町
0%
30382 日高町
0%
30383 由良町
0%
30390 印南町
0%
30391 みなべ町
0%
30392 日高川町
0%
30401 白浜町
0%
30404 上富田町
0%
30406 すさみ町
0%
30421 那智勝浦町
0%
30422 太地町
0%
30424 古座川町
0%
30427 北山村
0%
30428 串本町
0%
31302 岩美町
0%
31325 若桜町
0%
31328 智頭町
0%
31329 八頭町
0%
31364 三朝町
0%
31370 湯梨浜町
0%
31371 琴浦町
0%
31372 北栄町
0%
31384 日吉津村
0%
31386 大山町
0%
31389 南部町
0%
31390 伯耆町
0%
31401 日南町
0%
31402 日野町
0%
31403 江府町
0%
32207 江津市
0%
32209 雲南市
0%
32343 奥出雲町
0%
32386 飯南町
0%
32441 川本町
0%
32448 美郷町
0%
32449 邑南町
0%
32501 津和野町
0%
32505 吉賀町
0%
32525 海士町
0%
32526 西ノ島町
0%
32527 知夫村
0%
32528 隠岐の島町
0%
33202 倉敷市
0%
33203 津山市
0%
33204 玉野市
0%
33205 笠岡市
0%
33207 井原市
0%
33208 総社市
0%
33209 高梁市
0%
33210 新見市
0%
33211 備前市
0%
33212 瀬戸内市
0%
33213 赤磐市
0%
33214 真庭市
0%
33215 美作市
0%
33216 浅口市
0%
33346 和気町
0%
33423 早島町
0%
33445 里庄町
0%
33461 矢掛町
0%
33586 新庄村
0%
33606 鏡野町
0%
33622 勝央町
0%
33623 奈義町
0%
33643 西粟倉村
0%
33663 久米南町
0%
33666 美咲町
0%
33681 吉備中央町
0%
34202 呉市
0%
34203 竹原市
0%
34204 三原市
0%
34205 尾道市
0%
34207 福山市
0%
34208 府中市
0%
34209 三次市
0%
34210 庄原市
0%
34211 大竹市
0%
34212 東広島市
0%
34213 廿日市市
0%
34214 安芸高田市
0%
34215 江田島市
0%
34302 府中町
0%
34304 海田町
0%
34307 熊野町
0%
34309 坂町
0%
34368 安芸太田町
0%
34369 北広島町
0%
34431 大崎上島町
0%
34462 世羅町
0%
34545 神石高原町
0%
35204 萩市
0%
35206 防府市
0%
35207 下松市
0%
35208 岩国市
0%
35210 光市
0%
35211 長門市
0%
35212 柳井市
0%
35213 美祢市
0%
35215 周南市
0%
35216 山陽小野田市
0%
35305 周防大島町
0%
35321 和木町
0%
35341 上関町
0%
35343 田布施町
0%
35344 平生町
0%
35502 阿武町
0%
36301 勝浦町
0%
36302 上勝町
0%
36321 佐那河内村
0%
36341 石井町
0%
36342 神山町
0%
36368 那賀町
0%
36383 牟岐町
0%
36387 美波町
0%
36388 海陽町
0%
36401 松茂町
0%
36402 北島町
0%
36403 藍住町
0%
36404 板野町
0%
36405 上板町
0%
36468 つるぎ町
0%
36489 東みよし町
0%
37202 丸亀市
0%
37203 坂出市
0%
37204 善通寺市
0%
37205 観音寺市
0%
37206 さぬき市
0%
37207 東かがわ市
0%
37208 三豊市
0%
37322 土庄町
0%
37324 小豆島町
0%
37341 三木町
0%
37364 直島町
0%
37386 宇多津町
0%
37387 綾川町
0%
37403 琴平町
0%
37404 多度津町
0%
37406 まんのう町
0%
38202 今治市
0%
38203 宇和島市
0%
38204 八幡浜市
0%
38205 新居浜市
0%
38206 西条市
0%
38207 大洲市
0%
38210 伊予市
0%
38213 四国中央市
0%
38214 西予市
0%
38215 東温市
0%
38356 上島町
0%
38386 久万高原町
0%
38401 松前町
0%
38402 砥部町
0%
38422 内子町
0%
38442 伊方町
0%
38484 松野町
0%
38488 鬼北町
0%
38506 愛南町
0%
39202 室戸市
0%
39203 安芸市
0%
39204 南国市
0%
39205 土佐市
0%
39206 須崎市
0%
39208 宿毛市
0%
39209 土佐清水市
0%
39210 四万十市
0%
39211 香南市
0%
39212 香美市
0%
39301 東洋町
0%
39302 奈半利町
0%
39303 田野町
0%
39304 安田町
0%
39305 北川村
0%
39306 馬路村
0%
39307 芸西村
0%
39341 本山町
0%
39344 大豊町
0%
39363 土佐町
0%
39364 大川村
0%
39386 いの町
0%
39387 仁淀川町
0%
39401 中土佐町
0%
39402 佐川町
0%
39403 越知町
0%
39405 梼原町
0%
39410 日高村
0%
39411 津野町
0%
39412 四万十町
0%
39424 大月町
0%
39427 三原村
0%
39428 黒潮町
0%
40130 福岡市
0%
40202 大牟田市
0%
40203 久留米市
0%
40204 直方市
0%
40205 飯塚市
0%
40206 田川市
0%
40207 柳川市
0%
40210 八女市
0%
40211 筑後市
0%
40212 大川市
0%
40213 行橋市
0%
40214 豊前市
0%
40215 中間市
0%
40216 小郡市
0%
40217 筑紫野市
0%
40218 春日市
0%
40219 大野城市
0%
40220 宗像市
0%
40221 太宰府市
0%
40223 古賀市
0%
40224 福津市
0%
40225 うきは市
0%
40226 宮若市
0%
40227 嘉麻市
0%
40228 朝倉市
0%
40229 みやま市
0%
40230 糸島市
0%
40231 那珂川市
0%
40341 宇美町
0%
40342 篠栗町
0%
40343 志免町
0%
40344 須恵町
0%
40345 新宮町
0%
40348 久山町
0%
40349 粕屋町
0%
40381 芦屋町
0%
40382 水巻町
0%
40383 岡垣町
0%
40384 遠賀町
0%
40401 小竹町
0%
40402 鞍手町
0%
40421 桂川町
0%
40447 筑前町
0%
40448 東峰村
0%
40503 大刀洗町
0%
40522 大木町
0%
40544 広川町
0%
40601 香春町
0%
40602 添田町
0%
40604 糸田町
0%
40605 川崎町
0%
40608 大任町
0%
40609 赤村
0%
40610 福智町
0%
40621 苅田町
0%
40625 みやこ町
0%
40642 吉富町
0%
40646 上毛町
0%
40647 築上町
0%
41202 唐津市
0%
41203 鳥栖市
0%
41204 多久市
0%
41205 伊万里市
0%
41206 武雄市
0%
41207 鹿島市
0%
41208 小城市
0%
41209 嬉野市
0%
41210 神埼市
0%
41327 吉野ヶ里町
0%
41341 基山町
0%
41345 上峰町
0%
41346 みやき町
0%
41387 玄海町
0%
41401 有田町
0%
41423 大町町
0%
41424 江北町
0%
41425 白石町
0%
41441 太良町
0%
42202 佐世保市
0%
42203 島原市
0%
42204 諫早市
0%
42205 大村市
0%
42207 平戸市
0%
42208 松浦市
0%
42209 対馬市
0%
42210 壱岐市
0%
42211 五島市
0%
42212 西海市
0%
42213 雲仙市
0%
42214 南島原市
0%
42307 長与町
0%
42308 時津町
0%
42321 東彼杵町
0%
42322 川棚町
0%
42323 波佐見町
0%
42383 小値賀町
0%
42391 佐々町
0%
42411 新上五島町
0%
43203 人吉市
0%
43204 荒尾市
0%
43205 水俣市
0%
43206 玉名市
0%
43208 山鹿市
0%
43210 菊池市
0%
43211 宇土市
0%
43212 上天草市
0%
43213 宇城市
0%
43214 阿蘇市
0%
43215 天草市
0%
43216 合志市
0%
43348 美里町
0%
43364 玉東町
0%
43367 南関町
0%
43368 長洲町
0%
43369 和水町
0%
43403 大津町
0%
43404 菊陽町
0%
43423 南小国町
0%
43424 小国町
0%
43425 産山村
0%
43428 高森町
0%
43432 西原村
0%
43433 南阿蘇村
0%
43441 御船町
0%
43442 嘉島町
0%
43443 益城町
0%
43444 甲佐町
0%
43447 山都町
0%
43468 氷川町
0%
43482 芦北町
0%
43484 津奈木町
0%
43501 錦町
0%
43505 多良木町
0%
43506 湯前町
0%
43507 水上村
0%
43510 相良村
0%
43511 五木村
0%
43512 山江村
0%
43513 球磨村
0%
43514 あさぎり町
0%
43531 苓北町
0%
44204 日田市
0%
44205 佐伯市
0%
44206 臼杵市
0%
44207 津久見市
0%
44208 竹田市
0%
44209 豊後高田市
0%
44210 杵築市
0%
44211 宇佐市
0%
44212 豊後大野市
0%
44213 由布市
0%
44214 国東市
0%
45341 三股町
0%
45361 高原町
0%
45382 国富町
0%
45383 綾町
0%
45401 高鍋町
0%
45402 新富町
0%
45403 西米良村
0%
45404 木城町
0%
45405 川南町
0%
45406 都農町
0%
45421 門川町
0%
45429 諸塚村
0%
45430 椎葉村
0%
45431 美郷町
0%
45441 高千穂町
0%
45442 日之影町
0%
45443 五ヶ瀬町
0%
46206 阿久根市
0%
46213 西之表市
0%
46214 垂水市
0%
46215 薩摩川内市
0%
46216 日置市
0%
46217 曽於市
0%
46218 霧島市
0%
46219 いちき串木野市
0%
46220 南さつま市
0%
46221 志布志市
0%
46222 奄美市
0%
46223 南九州市
0%
46224 伊佐市
0%
46225 姶良市
0%
46392 さつま町
0%
46404 長島町
0%
46452 湧水町
0%
46468 大崎町
0%
46482 東串良町
0%
46490 錦江町
0%
46491 南大隅町
0%
46492 肝付町
0%
46501 中種子町
0%
46502 南種子町
0%
46505 屋久島町
0%
46523 大和村
0%
46524 宇検村
0%
46525 瀬戸内町
0%
46527 龍郷町
0%
46529 喜界町
0%
46530 徳之島町
0%
46531 天城町
0%
46532 伊仙町
0%
46533 和泊町
0%
46534 知名町
0%
47205 宜野湾市
0%
47207 石垣市
0%
47208 浦添市
0%
47209 名護市
0%
47210 糸満市
0%
47211 沖縄市
0%
47212 豊見城市
0%
47213 うるま市
0%
47214 宮古島市
0%
47215 南城市
0%
47301 国頭村
0%
47302 大宜味村
0%
47303 東村
0%
47306 今帰仁村
0%
47308 本部町
0%
47311 恩納村
0%
47313 宜野座村
0%
47314 金武町
0%
47315 伊江村
0%
47324 読谷村
0%
47325 嘉手納町
0%
47326 北谷町
0%
47327 北中城村
0%
47328 中城村
0%
47329 西原町
0%
47348 与那原町
0%
47350 南風原町
0%
47353 渡嘉敷村
0%
47354 座間味村
0%
47355 粟国村
0%
47356 渡名喜村
0%
47357 南大東村
0%
47358 北大東村
0%
47359 伊平屋村
0%
47360 伊是名村
0%
47361 久米島町
0%
47362 八重瀬町
0%
No matching quizzes found
Score Distribution
Percent of People with Each Score
Percentile by Number Answered
Your Score History
You have not taken this quiz